| 000 | 00352nam a2200145Ia 4500 | ||
|---|---|---|---|
| 005 | 20251222141903.0 | ||
| 008 | 251222s9999||||xx |||||||||||||| ||spa|| | ||
| 020 | _a9580427127 | ||
| 082 | _a461.4/F41 | ||
| 100 | _aFernández de la Torriente, Gastón | ||
| 245 | 0 | _aCómo Escribir Correctamente: | |
| 250 | _a1ra.ed. | ||
| 264 | _bNorma | ||
| 942 | _cLIB | ||
| 999 |
_c8119 _d8119 |
||